000 00740nam a2200217 i 4500
001 136712
003 ES-MaACL
005 20230906195217.0
007 t|
008 070214s1972 sp r ||||1| spa d
100 1 _aSagardía, Ángel.
_9139049
245 1 0 _aMúsicos vascos /
_cAngel Sagardía.
260 _aSan Sebastián :
_bAuñamendi,
_c1972.
300 _a3 v. ;
_c19 cm.
490 1 _aColección Auñamendi ;
_v93, 94 y 95
505 8 _aContiene: Vol. I. Achucarro - Esnaola. Vol. II. Esteve - Olaizola. Vol. III. Olaizola - Zulaica
650 4 _aMúsicos-
_zPaís Vasco-
_xBiografías.
_9154646
830 0 _aColección Auñamendi ;
_v93, 94 y 95
_9181019
852 _aES-MaACL
_jC-54411-13
_bR.82830
999 _c136712
_d136712